[Event "Doeberl Cup 54th"]
[Site "Canberra"]
[Date "2016.03.24"]
[Round "1"]
[White "Melkumyan, Hrant"]
[Black "Atzmon Simon, Barak"]
[Result "1-0"]
[WhiteElo "2653"]
[BlackElo "2107"]
[PlyCount "51"]
[EventDate "2016.03.24"]
[EventType "swiss"]
[EventRounds "9"]
[EventCountry "AUS"]
[SourceTitle "CBM 171 Extra"]
[Source "ChessBase"]
[SourceDate "2016.04.26"]
[SourceVersion "1"]
[SourceVersionDate "2016.04.26"]
[SourceQuality "1"]

1. e4 d5 2. exd5 Qxd5 3. Nc3 Qd6 4. d4 Nf6 5. Bc4 c6 6. Nge2 Bf5 7. Bf4 Qd8 8. Ng3 Bg6 9. h4 h5 10. Qe2 e6 11. 0-0-0 Bb4 12. Nce4 Nd5 13. Bg5 Be7 14. Rhe1 Bxg5+ 15. Nxg5 Qe7 16. Bxd5 cxd5 17. f4 Qd6 18. f5 Qxg3 19. fxg6 Qd6 20. Nxf7 Qf4+ 21. Kb1 0-0 22. Qxh5 Rxf7 23. Qh7+ Kf8 24. gxf7 Ke7 25. Qxg7 Qxf7 26. Rxe6+ 1-0

[Event "Doeberl Cup 53rd"]
[Site "Canberra"]
[Date "2015.04.02"]
[Round "2"]
[White "Atzmon Simon, Barak"]
[Black "Chan, Kris"]
[Result "1-0"]
[WhiteElo "2127"]
[BlackElo "1921"]
[PlyCount "59"]
[EventDate "2015.04.02"]
[EventType "swiss"]
[EventRounds "9"]
[EventCountry "AUS"]
[SourceTitle "EXT 2018"]
[Source "ChessBase"]
[SourceDate "2017.10.13"]
[SourceVersion "1"]
[SourceVersionDate "2017.10.13"]
[SourceQuality "1"]

1. d4 d5 2. Nf3 Nf6 3. c4 c6 4. cxd5 cxd5 5. Nc3 Nc6 6. Bf4 Bg4 7. Ne5 Bf5 8. e3 Qb6 9. Bb5 a6 10. Bxc6+ bxc6 11. Qb3 Qxb3 12. axb3 Nh5 13. Nxc6 Nxf4 14. exf4 e6 15. Nb5 Rc8 16. Nba7 Ra8 17. Rxa6 Bd6 18. g3 0-0 19. Kd2 f6 20. Rha1 Rf7 21. Nb5 Rxa6 22. Rxa6 Bf8 23. Ra7 Rxa7 24. Nbxa7 Kf7 25. b4 Bd6 26. Nc8 Bc7 27. b5 e5 28. b6 Bxc8 29. bxc7 Ke6 30. Na7 1-0

[Event "Australian op"]
[Site "Cammeray"]
[Date "2013.01.13"]
[Round "11"]
[White "Atzmon Simon, Barak"]
[Black "Smirnov, Anton"]
[Result "1-0"]
[WhiteElo "2092"]
[BlackElo "2207"]
[PlyCount "59"]
[EventDate "2013.01.02"]
[EventType "swiss"]
[EventRounds "11"]
[EventCountry "AUS"]
[SourceTitle "CBM 152 Extra"]
[Source "ChessBase"]
[SourceDate "2013.02.25"]
[SourceVersion "1"]
[SourceVersionDate "2013.02.25"]
[SourceQuality "1"]

1. d4 d5 2. c4 c6 3. Nf3 Nf6 4. Nc3 dxc4 5. a4 Bf5 6. Ne5 e6 7. f3 Bb4 8. Nxc4 Nd5 9. Bd2 Qh4+ 10. g3 Qxd4 11. e4 Nxc3 12. bxc3 Bxc3 13. Ra2 Bxe4 14. Qc1 Bxf3 15. Bxc3 Qg4 16. Nd6+ Kf8 17. Bg2 Bxg2 18. Rxg2 Nd7 19. 0-0 f6 20. Qa3 b6 21. Rd2 c5 22. Rf4 Qg6 23. Qb3 Ke7 24. Qd1 Rhb8 25. Rg4 Qh6 26. Nf5+ exf5 27. Rxd7+ Ke8 28. Rgxg7 Qe3+ 29. Kf1 Qe6 30. Qh5+ 1-0

[Event "Australian op"]
[Site "Cammeray"]
[Date "2013.01.10"]
[Round "8"]
[White "Atzmon Simon, Barak"]
[Black "Mortensen, Henrik"]
[Result "1-0"]
[WhiteElo "2092"]
[BlackElo "1962"]
[PlyCount "37"]
[EventDate "2013.01.02"]
[EventType "swiss"]
[EventRounds "11"]
[EventCountry "AUS"]
[SourceTitle "CBM 152 Extra"]
[Source "ChessBase"]
[SourceDate "2013.02.25"]
[SourceVersion "1"]
[SourceVersionDate "2013.02.25"]
[SourceQuality "1"]

1. e4 c6 2. d4 d5 3. f3 dxe4 4. fxe4 e5 5. Nf3 exd4 6. Bc4 Be7 7. 0-0 Be6 8. Bxe6 fxe6 9. Nxd4 Bf6 10. e5 Be7 11. Nxe6 Qxd1 12. Nxg7+ Kd8 13. Rxd1+ Kc8 14. Be3 Na6 15. Nc3 Nc5 16. Nf5 Nd7 17. e6 Nb6 18. Bd4 Bf6 19. Nd6+ 1-0

[Event "Australian op"]
[Site "Cammeray"]
[Date "2013.01.08"]
[Round "7"]
[White "Atzmon Simon, Barak"]
[Black "Ng, Clive"]
[Result "1-0"]
[WhiteElo "2092"]
[BlackElo "1936"]
[PlyCount "80"]
[EventDate "2013.01.02"]
[EventType "swiss"]
[EventRounds "11"]
[EventCountry "AUS"]
[SourceTitle "CBM 152 Extra"]
[Source "ChessBase"]
[SourceDate "2013.02.25"]
[SourceVersion "1"]
[SourceVersionDate "2013.02.25"]
[SourceQuality "1"]

1. d4 Nf6 2. c4 g6 3. Nc3 Bg7 4. e4 d6 5. Nf3 0-0 6. Be2 e5 7. Be3 Ng4 8. Bg5 f6 9. Bd2 Nc6 10. d5 Ne7 11. h3 Nh6 12. Qc1 Nf7 13. 0-0 g5 14. Ne1 Nh6 15. h4 Ng6 16. hxg5 Nf7 17. gxf6 Qxf6 18. Nd3 Nh4 19. f4 Qg6 20. Rf2 exf4 21. Nxf4 Qg3 22. Nh5 Qg6 23. Nxg7 Qxg7 24. Bf4 Ng6 25. Qe3 Nxf4 26. Rxf4 Ne5 27. Rxf8+ Kxf8 28. c5 Bd7 29. Rc1 Ke7 30. Nb5 Rg8 31. Qf2 Bxb5 32. cxd6+ cxd6 33. Bxb5 Kd8 34. Rc3 Nd7 35. Bxd7 Qxd7 36. Qxa7 Qg4 37. Qb8+ Ke7 38. Qc7+ Qd7 39. e5 dxe5 40. Qxe5+ Kd8 1-0

[Event "AUS-ch"]
[Site "Sydney"]
[Date "2010.01.13"]
[Round "11"]
[White "Atzmon Simon, Barak"]
[Black "Brown, Alan M"]
[Result "0-1"]
[WhiteElo "2182"]
[BlackElo "2144"]
[PlyCount "144"]
[EventDate "2010.01.02"]
[EventType "swiss"]
[EventRounds "11"]
[EventCountry "AUS"]
[SourceTitle "CBM 134 Extra"]
[Source "ChessBase"]
[SourceDate "2010.03.03"]
[SourceVersion "1"]
[SourceVersionDate "2010.03.03"]
[SourceQuality "1"]

1. c4 e5 2. g3 c5 3. Bg2 g6 4. Nc3 Bg7 5. e3 Nc6 6. Nge2 Nge7 7. 0-0 0-0 8. b3 d6 9. Bb2 Be6 10. Ne4 f5 11. Ng5 Bc8 12. d4 h6 13. Nf3 cxd4 14. exd4 e4 15. Ne1 d5 16. Nc2 g5 17. f4 g4 18. Qd2 h5 19. Ne3 Rf6 20. Rac1 b6 21. Rfd1 Rh6 22. b4 a6 23. a4 b5 24. axb5 axb5 25. cxb5 Nb8 26. Ra1 Rxa1 27. Rxa1 h4 28. Ra7 Bf8 29. Qc2 Bd7 30. Nc3 Qb6 31. Ra5 hxg3 32. hxg3 Qb7 33. Bf1 Qc8 34. Ncxd5 Qe8 35. Nxe7+ Bxe7 36. Bc4+ Kf8 37. Ra8 Rh3 38. Qg2 Bxb5 39. Ra5 Bxc4 40. Rxf5+ Bf7 41. Nxg4 Rh7 42. b5 e3 43. Nxe3 Bf6 44. Kf2 Nd7 45. Ng4 Qe6 46. Nxf6 Nxf6 47. Qa8+ Be8 48. Ba3+ Kg7 49. Rxf6 Kxf6 50. Qd8+ Kf5 51. g4+ Kxf4 52. Bc1+ Ke4 53. Qa8+ Kxd4 54. Qa4+ Qc4 55. Be3+ Kd5 56. Qa8+ Kd6 57. Qxe8 Qc2+ 58. Kf3 Qd1+ 59. Kg3 Qe1+ 60. Kf3 Qf1+ 61. Bf2 Rh3+ 62. Kf4 Qxf2+ 63. Kg5 Qh4+ 64. Kf4 Qf2+ 65. Kg5 Qd2+ 66. Kf5 Qd5+ 67. Kg6 Qe6+ 68. Qxe6+ Kxe6 69. g5 Rb3 70. Kh7 Kf5 71. g6 Rh3+ 72. Kg7 Rg3 0-1

[Event "AUS-ch"]
[Site "Sydney"]
[Date "2010.01.03"]
[Round "2"]
[White "Atzmon Simon, Barak"]
[Black "Morris, Michael"]
[Result "1/2-1/2"]
[WhiteElo "2182"]
[BlackElo "2016"]
[PlyCount "91"]
[EventDate "2010.01.02"]
[EventType "swiss"]
[EventRounds "11"]
[EventCountry "AUS"]
[SourceTitle "CBM 134 Extra"]
[Source "ChessBase"]
[SourceDate "2010.03.03"]
[SourceVersion "1"]
[SourceVersionDate "2010.03.03"]
[SourceQuality "1"]

1. c4 Nf6 2. Nc3 c5 3. Nf3 Nc6 4. g3 e6 5. Bg2 d5 6. 0-0 Be7 7. b3 d4 8. Na4 0-0 9. e3 e5 10. Ba3 Nd7 11. Ne1 Qc7 12. Nd3 b6 13. exd4 exd4 14. Nf4 Bb7 15. Nd5 Qd8 16. Qc2 Bd6 17. Rae1 Rb8 18. Nb2 Nf6 19. f4 Nxd5 20. Bxd5 Qf6 21. Qe4 Nd8 22. Nd3 Bxd5 23. Qxd5 Rb7 24. Nf2 Be7 25. Ng4 Qc6 26. Qf5 Qg6 27. Qc8 f5 28. Ne5 Qd6 29. d3 g6 30. Rb1 a5 31. Rfe1 Ra7 32. Nf3 Bf6 33. Re2 Qc7 34. Qxc7 Rxc7 35. Rbe1 Kf7 36. Ne5+ Bxe5 37. Rxe5 Nc6 38. Re6 Re7 39. Rxe7+ Nxe7 40. Bc1 Nc6 41. Bd2 Re8 42. Rxe8 Kxe8 43. a4 Kf7 44. Kf2 Nd8 45. Kf3 Ne6 46. h3 1/2-1/2

[Event "AUS-ch"]
[Site "Parramatta"]
[Date "2008.01.11"]
[Round "11"]
[White "Atzmon Simon, Barak"]
[Black "Hamilton, Douglas Gibson"]
[Result "0-1"]
[WhiteElo "2142"]
[BlackElo "2229"]
[PlyCount "66"]
[EventDate "2008.01.02"]
[EventType "swiss"]
[EventRounds "11"]
[EventCountry "AUS"]
[SourceTitle "CBM 122 Extra"]
[Source "ChessBase"]
[SourceDate "2008.03.04"]
[SourceVersion "1"]
[SourceVersionDate "2008.03.04"]
[SourceQuality "1"]

1. c4 Nf6 2. g3 e6 3. Bg2 d5 4. Nf3 c5 5. d4 Nc6 6. cxd5 exd5 7. 0-0 Be7 8. dxc5 Bxc5 9. Bg5 0-0 10. Qc2 Be7 11. Nc3 Be6 12. Rfd1 Rc8 13. Rac1 Qa5 14. Nd4 Nxd4 15. Rxd4 h6 16. Bd2 Qb6 17. e3 Bc5 18. Rh4 Qd6 19. Qd1 Qd7 20. Na4 Be7 21. Rxc8 Rxc8 22. Bb4 Bd8 23. Nc5 Qc6 24. Nb3 Ne4 25. Rh5 g6 26. Bxe4 gxh5 27. Bb1 Bh3 28. Bc3 d4 29. f3 dxc3 30. Qc2 f5 31. Nd4 Qc4 32. Qf2 cxb2 33. Qe2 Qxe2 0-1

[Event "AUS-ch"]
[Site "Parramatta"]
[Date "2008.01.08"]
[Round "8"]
[White "Atzmon Simon, Barak"]
[Black "Stojic, Dusan"]
[Result "1-0"]
[WhiteElo "2142"]
[BlackElo "2155"]
[PlyCount "69"]
[EventDate "2008.01.02"]
[EventType "swiss"]
[EventRounds "11"]
[EventCountry "AUS"]
[SourceTitle "CBM 122 Extra"]
[Source "ChessBase"]
[SourceDate "2008.03.04"]
[SourceVersion "1"]
[SourceVersionDate "2008.03.04"]
[SourceQuality "1"]

1. c4 Nf6 2. Nc3 g6 3. Nf3 Bg7 4. d4 0-0 5. e4 d6 6. Be2 c5 7. h3 cxd4 8. Nxd4 Nc6 9. Be3 Bd7 10. 0-0 Nxd4 11. Bxd4 Bc6 12. Qd3 a5 13. f4 a4 14. b4 axb3 15. axb3 Nd7 16. Rxa8 Qxa8 17. Bxg7 Kxg7 18. Qd4+ f6 19. Nd5 Bxd5 20. Ra1 Qc8 21. exd5 Nc5 22. Qe3 Re8 23. b4 Na6 24. Qb6 Qc7 25. Rxa6 Qd7 26. Ra7 Qf5 27. Rxb7 Qxf4 28. Qf2 Qe5 29. Ra7 f5 30. b5 Rf8 31. b6 g5 32. Bf1 g4 33. Qe2 Qd4+ 34. Kh1 Rf7 35. b7 1-0

[Event "Sydney op"]
[Site "Parramatta"]
[Date "2007.04.12"]
[Round "5"]
[White "Atzmon Simon, Barak"]
[Black "Sales, Jesse Noel"]
[Result "1-0"]
[WhiteElo "2157"]
[BlackElo "2361"]
[PlyCount "49"]
[EventDate "2007.04.10"]
[EventType "swiss"]
[EventRounds "9"]
[EventCountry "AUS"]
[SourceTitle "CBM 117 Extra"]
[Source "ChessBase"]
[SourceDate "2007.05.09"]
[SourceVersion "1"]
[SourceVersionDate "2007.05.09"]
[SourceQuality "1"]

1. f4 g5 2. fxg5 h6 3. d4 hxg5 4. Bxg5 Bh6 5. Bxh6 Nxh6 6. d5 d6 7. Nc3 c5 8. e4 Qb6 9. Qd2 Qxb2 10. Rb1 Qa3 11. Bb5+ Bd7 12. Nf3 a6 13. Bxd7+ Nxd7 14. Rb3 Qa5 15. Rxb7 Ng4 16. 0-0 f6 17. Rfb1 Rh7 18. e5 Ngxe5 19. Qe3 Rd8 20. Nxe5 Nxe5 21. a4 Kf8 22. Ra7 Ng4 23. Qg3 c4 24. Rb5 Qxc3 25. Qxc3 1-0

[Event "North Sydney sim1"]
[Site "Sydney"]
[Date "2007.04.03"]
[Round "?"]
[White "Shipov, Sergei"]
[Black "Atzmon Simon, Barak"]
[Result "1-0"]
[WhiteElo "2592"]
[BlackElo "2157"]
[PlyCount "49"]
[EventDate "2007.04.03"]
[EventType "simul"]
[EventRounds "1"]
[EventCountry "AUS"]
[SourceTitle "EXT 2010"]
[Source "ChessBase"]
[SourceDate "2010.11.25"]
[SourceVersion "1"]
[SourceVersionDate "2010.11.25"]
[SourceQuality "1"]

1. d4 d6 2. Nf3 g6 3. c4 f5 4. g3 Nf6 5. Bg2 Bg7 6. 0-0 0-0 7. b4 c6 8. Bb2 Na6 9. a3 Qe8 10. Nbd2 h6 11. Re1 f4 12. e4 Nh5 13. e5 d5 14. cxd5 fxg3 15. fxg3 cxd5 16. Qb3 e6 17. b5 Nc7 18. a4 Kh8 19. Rac1 Rf7 20. Qd3 g5 21. Bh3 Bf8 22. Bg4 Ng7 23. Qg6 Rd7 24. Qxh6+ Kg8 25. Qxg5 1-0

[Event "North Sydney Ford Memorial"]
[Site "Sydney"]
[Date "2006.10.24"]
[Round "7"]
[White "Atzmon Simon, Barak"]
[Black "Hursky, Karel P"]
[Result "1-0"]
[WhiteElo "1998"]
[BlackElo "1831"]
[PlyCount "47"]
[EventDate "2006.08.15"]
[EventType "swiss"]
[EventRounds "9"]
[EventCountry "AUS"]
[SourceTitle "EXT 2010"]
[Source "ChessBase"]
[SourceDate "2010.11.25"]
[SourceVersion "1"]
[SourceVersionDate "2010.11.25"]
[SourceQuality "1"]

1. c4 b6 2. Nc3 Bb7 3. e4 e6 4. Nf3 Bb4 5. Qc2 Nf6 6. d3 d5 7. e5 d4 8. a3 dxc3 9. axb4 cxb2 10. Qxb2 Ng4 11. Be2 h5 12. h3 Nh6 13. Bg5 Qc8 14. 0-0 Nd7 15. d4 Be4 16. Nd2 Bg6 17. Bf3 f6 18. exf6 gxf6 19. Bxa8 Qxa8 20. d5 Kf7 21. dxe6+ Kxe6 22. Bxh6 Rxh6 23. Qd4 c5 24. Qe3+ 1-0

[Event "North Sydney Ford Memorial"]
[Site "Sydney"]
[Date "2006.10.10"]
[Round "6"]
[White "Smirnov, Vladimir"]
[Black "Atzmon Simon, Barak"]
[Result "1-0"]
[WhiteElo "2256"]
[BlackElo "1998"]
[PlyCount "105"]
[EventDate "2006.08.15"]
[EventType "swiss"]
[EventRounds "9"]
[EventCountry "AUS"]
[SourceTitle "EXT 2010"]
[Source "ChessBase"]
[SourceDate "2010.11.25"]
[SourceVersion "1"]
[SourceVersionDate "2010.11.25"]
[SourceQuality "1"]

1. d4 Nf6 2. Bg5 e6 3. e4 h6 4. Bxf6 Qxf6 5. c3 d5 6. Nd2 c5 7. Ngf3 dxe4 8. Nxe4 Qf4 9. Nxc5 Bxc5 10. dxc5 0-0 11. Be2 Nc6 12. 0-0 Rd8 13. Qc1 Qxc1 14. Raxc1 e5 15. Bb5 f6 16. Rfd1 Be6 17. b3 Kf7 18. Kf1 g5 19. Ke1 Rd5 20. Bxc6 bxc6 21. Rxd5 Bxd5 22. Rd1 a5 23. c4 Be6 24. Rd6 Ra6 25. Nd2 Ke7 26. Kd1 Bg4+ 27. Kc2 Bd7 28. Kc3 Ra8 29. Ne4 f5 30. Nd2 Rh8 31. Nf3 e4 32. Ne5 Be8 33. Kd4 h5 34. a3 h4 35. b4 axb4 36. axb4 g4 37. Ke3 f4+ 38. Kxf4 Rf8+ 39. Ke3 g3 40. hxg3 hxg3 41. fxg3 Rg8 42. g4 Rh8 43. Nxc6+ Kf8 44. Ne5 Rh2 45. Rf6+ Kg7 46. Rf2 Rh1 47. Kxe4 Re1+ 48. Kf5 Rc1 49. b5 Kf8 50. c6 Ke7 51. Rd2 Ra1 52. c7 Ra8 53. Rd8 1-0

[Event "New South Wales-ch"]
[Site "Sydney"]
[Date "2005.10.16"]
[Round "7"]
[White "Atzmon Simon, Barak"]
[Black "Cabilin, Jeff"]
[Result "1-0"]
[WhiteElo "2100"]
[BlackElo "2035"]
[PlyCount "37"]
[EventDate "2005.08.21"]
[EventType "swiss"]
[EventRounds "9"]
[EventCountry "AUS"]
[SourceTitle "EXT 2010"]
[Source "ChessBase"]
[SourceDate "2010.11.25"]
[SourceVersion "1"]
[SourceVersionDate "2010.11.25"]
[SourceQuality "1"]

1. g3 d5 2. Bg2 Bf5 3. c4 Be4 4. Nf3 d4 5. d3 Bc6 6. 0-0 g6 7. b4 b6 8. Bb2 Bg7 9. e3 e5 10. exd4 exd4 11. Re1+ Ne7 12. Qe2 Kf8 13. Nbd2 h5 14. h4 Nf5 15. b5 Bb7 16. Ne4 c5 17. Nfg5 Qc8 18. Nxf7 Qe8 19. Nfd6 1-0